000 00375nam a2200145Ia 4500
008 230917s9999||||xx |||||||||||||| ||und||
040 _e144535
_aMAIN
041 _aEnglish
082 _a519.76 B469N
100 _aBhattacharee, J K
245 0 _aNonlinear dynamics: near and fof equilibrium
260 _bHindystan Book Arency
_c2007
300 _a304p. p.
942 _cBK
999 _c148530
_d148530